Geography Quiz

Random Geography or Flags Quiz

Country Triplets III Quiz Stats

Quiz Updated Nov 9, 2015

Challenge
Share
Tweet
Embed
Score 0/27 Timer 05:00
14 Plays Today
Hint Answer % Correct
Countries with capitals that begin with 'Bra'Brazil (Brasília)
88%
Four-letter countries that begin with a vowelOman
80.1%
European countries on the Prime MeridianFrance
78%
Four-letter countries that begin with a vowelIran
78%
Countries bordering the Dead SeaIsrael
77.8%
Four-letter countries that begin with a vowelIraq
77.8%
European countries on the Prime MeridianSpain
76.6%
European countries on the Prime MeridianUnited Kingdom
74.9%
Countries bordering EritreaEthiopia
74%
Countries bordering the Dead SeaJordan
72.6%
Countries bordering EritreaSudan
68.3%
Countries beginning and ending T___ATanzania
66.4%
Countries bordering EritreaDjibouti
65%
European countries with blue, yellow, & red vertical stripes on their flagRomania
62.8%
Hint Answer % Correct
Countries bordering the Dead SeaPalestine
61.5%
Countries beginning and ending T___ATonga
59.8%
Countries with capitals that begin with 'Bra'Slovakia (Bratislava)
56.8%
Countries that joined the EU in 1995Sweden
51.7%
Island nations with Portuguese as an official languageCabo Verde
49.3%
Countries beginning and ending T___ATunisia
47.6%
Countries that joined the EU in 1995Finland
47.1%
Island nations with Portuguese as an official languageSão Tomé and Príncipe
44.3%
European countries with blue, yellow, & red vertical stripes on their flagMoldova
41.3%
European countries with blue, yellow, & red vertical stripes on their flagAndorra
37.5%
Countries that joined the EU in 1995Austria
34.5%
Countries with capitals that begin with 'Bra'Republic of the Congo (Brazzaville)
33.8%
Island nations with Portuguese as an official languageTimor-Leste
22.6%

You're not logged in!

Compare scores with friends on all Sporcle quizzes.
Sign Up with Email
OR
Log In

You Might Also Like...

Show Comments

Extras

Top Quizzes Today


Score Distribution

Your Account Isn't Verified!

In order to create a playlist on Sporcle, you need to verify the email address you used during registration. Go to your Sporcle Settings to finish the process.